| 000 | 00322nam a22001337a 4500 | ||
|---|---|---|---|
| 003 | SGT | ||
| 020 | _a978-1-139-39507-8 | ||
| 082 |
_a372.21 _bDAH |
||
| 100 | _aDAHLBERG, GUNILLA | ||
| 245 | _aBEYOND QUALITY IN EARLY CHILDHOOD EDUCATION AND CARE | ||
| 260 |
_aDELHI _bROUTLEDGE _c2007 |
||
| 300 | _a2007 | ||
| 942 |
_2ddc _cBK |
||
| 999 |
_c23219 _d23219 |
||